Moll Flanders / (Record no. 329)

MARC details
000 -LÍDER
campo de controle de tamanho fixo 02186nam a2200337 4500
001 - NÚMERO DE CONTROLE
campo de controle 329
003 - IDENTIFICADOR DO NÚMERO DE CONTROLE
campo de controle OSt
005 - DATA E HORÁRIO DA ÚLTIMA TRANSAÇÃO
campo de controle 20250528074018.0
008 - CAMPO DE DADOS FIXOS--INFORMAÇÃO GERAL
campo de controle de tamanho fixo 250327b |||||||g |||| 00| 1 eng d
040 ## - FONTE DA CATALOGAÇÃO
Idioma da catalogação por
041 ## - CÓDIGO DE IDIOMA
Código do idioma do original e/ou traduções intermediárias do texto eng
Código do idioma do texto/trilha sonora ou título diferente por
082 ## - CDD - CLASSIFICAÇÃO DECIMAL DE DEWEY
Número de Classificação 823
Número do exemplar D314m
100 1# - ENTRADA PRINCIPAL--NOME PESSOAL
Nome pessoal Defoe, Daniel,
Datas associadas ao nome 1661?-1731
9 (RLIN) 347
240 ## - TÍTULO UNIFORME
Título uniforme The fortunes and Misfortunes of the famous Moll Flanders
245 ## - TÍTULO
Título Moll Flanders /
Indicação de responsabilidade, etc. Defoe, Daniel ; Tradução de Antônio Alves Cury
260 ## - PUBLICAÇÃO, DISTRIBUIÇÃO, ETC.
Local de publicação, distribuição, etc. São Paulo
Nome do editor, distribuidor, etc. Abril
Data da publicação, distribuição, etc. 1987
300 ## - DESCRIÇÃO FÍSICA
Extensão 362 p.
490 1# - TÍTULO DA SÉRIE
Título da série Os Imortais da Literatura Universal
520 ## - NOTA DE RESUMO, ETC.
Resumo, etc. The Fortunes & Misfortunes of the Famous Moll Flanders (também conhecido como Moll Flanders ) é um romance de Daniel Defoe, publicado pela primeira vez em 1722. Ele pretende ser o relato verdadeiro da vida da homônima Moll, detalhando suas façanhas desde o nascimento até a velhice.<br/><br/>Em 1721, Defoe se tornou um romancista reconhecido, com o sucesso de Robinson Crusoé em 1719. Seu trabalho político estava diminuindo neste ponto, devido à queda dos líderes do partido Whig e Tory com os quais ele estava associado (Robert Walpole estava começando sua ascensão). Defoe nunca se sentiu totalmente em casa com o grupo Walpole. As visões Whig de Defoe são, no entanto, evidentes na história de Moll. O título completo do romance dá uma ideia disso e do esboço do enredo: "As fortunas e infortúnios da famosa Moll Flanders, etc., que nasceu em Newgate e, durante uma vida de contínua variedade por sessenta anos, além da infância, foi prostituta por doze anos, esposa cinco vezes (uma delas do próprio irmão), ladra por doze anos, criminosa deportada por oito anos na Virgínia, finalmente enriqueceu, viveu honestamente e morreu penitente. Escrito a partir de seus próprios memorandos."
650 #0 - ASSUNTO--TERMO TÓPICO
Cabeçalho tópico ou nome geográfico Literatura Inglesa
9 (RLIN) 89
650 #0 - ASSUNTO--TERMO TÓPICO
Cabeçalho tópico ou nome geográfico Experiência de vida
9 (RLIN) 188
650 #0 - ASSUNTO--TERMO TÓPICO
Cabeçalho tópico ou nome geográfico Amor e Paixão
9 (RLIN) 25
650 #0 - ASSUNTO--TERMO TÓPICO
Cabeçalho tópico ou nome geográfico Histórico
9 (RLIN) 53
650 #0 - ASSUNTO--TERMO TÓPICO
Cabeçalho tópico ou nome geográfico Clássicos
9 (RLIN) 77
650 #0 - ASSUNTO--TERMO TÓPICO
Cabeçalho tópico ou nome geográfico Filme
9 (RLIN) 26
655 #0 - TERMO DE ÍNDICE--GÊNERO E FORMA
Gênero/forma/ou termo foco Romance
655 #0 - TERMO DE ÍNDICE--GÊNERO E FORMA
Gênero/forma/ou termo foco Ficção
700 ## - ENTRADA ADICIONADA - NOME PESSOAL
Nome pessoal Antônio Alves Cury
Função do autor por extenso Tradutor
9 (RLIN) 348
830 ## - ENTRADA SECUNDÁRIA DE SÉRIE--TÍTULO UNIFORME
Título uniforme Os Imortais da Literatura Universal
9 (RLIN) 461
Número do volume ou designação sequencial da série vol. 30
942 ## - ELEMENTOS DE ENTRADA ADICIONADOS (KOHA)
Fonte de classificação ou esquema de arquivamento Classificação decimal de Dewey
Ocultar no OPAC Não
Tipo de material Koha Livros
Holdings
Situação do descarte Situação das perdas Fonte de classificação ou esquema de arquivamento Status danificado Não pode ser emprestado Coleção Biblioteca de origem Biblioteca atual Localização na estante Data de aquisição Total de empréstimos Número de chamada completo Código de barras Data de último acesso Data do preço efetivo Tipo de material Koha
    Classificação decimal de Dewey     Ficção Biblioteca Professor Eduardo Afonso de Castro Biblioteca Professor Eduardo Afonso de Castro Literatura Estrangeira 27.03.2025   823 / D314m 2025-17283 27.03.2025 27.03.2025 Livros

Powered by Koha